000 00471nam a2200169 i 4500
001 73785
003 ES-MaACL
005 20240320062530.0
007 t|
008 040913s1922 sp ||||1| spa d
100 1 _aGómez de la Serna, Ramón,
_d1888-1963
_957901
245 1 3 _aEl incongruente
_b: novela grande /
_cRamón Gómez de la Serna.
260 _aMadrid :
_bCalpe,
_c1922.
300 _a202 p. ;
_c19 cm.
852 _aES-MaACL
_jF-5128
999 _c73785
_d73785